<?xml version="1.0" encoding="UTF-8"?>
<record
    xmlns:xsi="http://www.w3.org/2001/XMLSchema-instance"
    xsi:schemaLocation="http://www.loc.gov/MARC21/slim http://www.loc.gov/standards/marcxml/schema/MARC21slim.xsd"
    xmlns="http://www.loc.gov/MARC21/slim">

  <leader>00558caa a22001572a 4500</leader>
  <controlfield tag="001">  007051</controlfield>
  <controlfield tag="003">  AR-FADEU</controlfield>
  <controlfield tag="008">  311216n########xxu####################dd</controlfield>
  <datafield tag="092" ind1=" " ind2=" ">
    <subfield code="a">320.532 3</subfield>
    <subfield code="b">R449-2</subfield>
  </datafield>
  <datafield tag="100" ind1=" " ind2=" ">
    <subfield code="a">Cerroni, Umberto</subfield>
  </datafield>
  <datafield tag="245" ind1=" " ind2=" ">
    <subfield code="a">Cosmopolitismo y v&#xED;as Nacionales</subfield>
  </datafield>
  <datafield tag="300" ind1=" " ind2=" ">
    <subfield code="a">PP. 171-184</subfield>
  </datafield>
  <datafield tag="500" ind1=" " ind2=" ">
    <subfield code="a">En: Revoluci&#xF3;n y democracia en Gramsci /ed. Eric Hobsbawm. Barcelona : Fontanarrosa, 1981</subfield>
  </datafield>
  <datafield tag="942" ind1=" " ind2=" ">
    <subfield code="c">BDGR</subfield>
  </datafield>
  <datafield tag="773" ind1="0" ind2=" ">
    <subfield code="0">12859</subfield>
    <subfield code="9">11656</subfield>
    <subfield code="a"></subfield>
    <subfield code="b">2a. ed</subfield>
    <subfield code="d">Barcelona</subfield>
    <subfield code="o">5050</subfield>
    <subfield code="t">REVOLUCION y democracia en Gramsci</subfield>
    <subfield code="w">(  AR-FADEU)  007045</subfield>
    <subfield code="x"></subfield>
    <subfield code="z">84-7367-032-9</subfield>
  </datafield>
  <datafield tag="999" ind1=" " ind2=" ">
    <subfield code="c">12865</subfield>
    <subfield code="d">12865</subfield>
  </datafield>
</record>
